[Event "Mittelfrankenliga-B2b 0607"]
[Site "Mittelfranken"]
[Date "2007.02.11"]
[Round "6.8"]
[White "Schanz, Karlheinz"]
[Black "Huebl, Hans"]
[Result "1-0"]
[WhiteElo "1796"]
[BlackElo "1853"]
[PlyCount "103"]
[EventDate "2006.10.22"]
[EventType "team-tourn"]
[EventRounds "9"]
[EventCountry "GER"]
[SourceTitle "EXT 2011"]
[Source "ChessBase"]
[SourceDate "2010.11.26"]
[SourceVersion "1"]
[SourceVersionDate "2010.11.26"]
[SourceQuality "1"]
[WhiteTeam "Muehlhof"]
[BlackTeam "Nuernberg SK 1911 II"]
[WhiteTeamCountry "GER"]
[BlackTeamCountry "GER"]

1. e4 e6 2. Nf3 c6 3. d4 d5 4. Nbd2 Nf6 5. e5 Nfd7 6. Nb3 c5 7. c3 Nc6 8. Bb5 Qb6 9. Bxc6 bxc6 10. 0-0 Be7 11. Re1 c4 12. Nbd2 c5 13. Nf1 Rb8 14. Ng3 Qd8 15. Qc2 0-0 16. Bf4 Re8 17. Qd2 Nf8 18. Bg5 cxd4 19. Bxe7 dxc3 20. bxc3 Qxe7 21. Nd4 Bd7 22. Rab1 Rec8 23. f4 Qc5 24. Kh1 g6 25. Nf1 Rb6 26. Rxb6 Qxb6 27. Rc1 Rb8 28. h3 Ba4 29. Kh2 Nd7 30. Ne3 Nc5 31. Ng4 Nd3 32. Rf1 Qd8 33. Nf6+ Kg7 34. Qe3 Qc7 35. Qg3 a6 36. Qg5 Qd8 37. h4 h6 38. Qg3 Kh8 39. Qe3 Kg7 40. Rh1 Rb2 41. Kg3 h5 42. Rf1 Qb8 43. Kh2 Rb1 44. Rxb1 Qxb1 45. Qg3 Kf8 46. Nxe6+ Ke7 47. Nd4 Qf1 48. Nxd5+ Kf8 49. Qg5 Nf2 50. Qe7+ Kg8 51. Nf6+ Kg7 52. Ne6+ 1-0